FIS Ski Jumping Worldcup Winners - Statistics

General Stats
  • This quiz has been taken 126 times
    10 since last reset
  • The average score is 28 of 47
Answer Stats
Season Winner % Correct
2003/04 Janne Ahonen
100%
2004/05 Janne Ahonen
100%
2018/19 Ryoyu Kobayashi
89%
2021/22 Ryoyu Kobayashi
89%
2016/17 Stefan Kraft
89%
2019/20 Stefan Kraft
89%
2023/24 Stefan Kraft
89%
2024/25 Daniel Tschofenig
78%
2025/26 Domen Prevc
78%
2020/21 Halvor Egner Granerud
78%
2022/23 Halvor Egner Granerud
78%
2013/14 Kamil Stoch
78%
2017/18 Kamil Stoch
78%
1982/83 Matti Nykänen
78%
1984/85 Matti Nykänen
78%
1985/86 Matti Nykänen
78%
1987/88 Matti Nykänen
78%
2015/16 Peter Prevc
78%
2000/01 Adam Malysz
67%
2001/02 Adam Malysz
67%
2002/03 Adam Malysz
67%
2006/07 Adam Malysz
67%
2008/09 Gregor Schlierenzauer
67%
2012/13 Gregor Schlierenzauer
67%
2014/15 Severin Freund
67%
2009/10 Simon Ammann
67%
2007/08 Thomas Morgenstern
67%
2010/11 Thomas Morgenstern
67%
2011/12 Anders Bardal
56%
2005/06 Jakub Janda
56%
1992/93 Andeas Goldberger
44%
1990/91 Andreas Felder
44%
1994/95 Andreas Goldberger
44%
1995/96 Andreas Goldberger
44%
1993/94 Espen Bredesen
44%
1998/99 Martin Schmitt
44%
1999/00 Martin Schmitt
44%
1988/89 Jan Boklöv
33%
1983/84 Jens Weißflog
33%
1996/97 Primoz Peterka
33%
1997/98 Primoz Peterka
33%
1991/92 Toni Nieminen
33%
1980/81 Armin Kogler
22%
1981/82 Armin Kogler
22%
1986/87 Vegard Opaas
22%
1989/90 Ari-Pekka Nikkola
11%
1979/80 Hupert Neuoer
0%
No matching quizzes found
Score Distribution
Percent of People with Each Score
Percentile by Number Answered
Your Score History
You have not taken this quiz since the last reset